000 00817nam a22002057a 4500
003 0
005 20250213114213.0
008 250213b xxu||||| |||| 00| 0 eng d
050 _aTK 5105.8857
_b.F57 2022
100 _aFlores, Renielle B.
245 _aFind my things:
_blost and found android application for an SEC registered telecommunication company
_c Renielle B. Flores
260 _aLas Pinas City
_bSouthville International School and Colleges
_c2022
300 _axi, 130 pages :
_billustrations ;
_c28cm.
500 _aBachelor of Science in Information Technology.
504 _aIncludes bibliographical references and appendices.
650 _a Mobile apps—Development.
650 _aAndroid (Electronic resource).
650 _aTelecommunication companies—Philippines.
942 _2lcc
_cTH
999 _c367199
_d367199